LEADER 01194nam--2200397---450- 001 990003671540203316 005 20120620105430.0 010 $a978-94-007-2335-1 035 $a000367154 035 $aUSA01000367154 035 $a(ALEPH)000367154USA01 035 $a000367154 100 $a20120620d2012----km-y0itay50------ba 101 0 $aeng 102 $aUS 105 $a||||||||001yy 200 1 $a<> Symbolic Species Evolved$fTheresa Schilhab, Frederik Stjernfelt, Terrence Deacon 210 $aBerkeley$cSpringer$d2012 215 $aXIII, 288 p.$d24 cm 225 2 $aBiosemiotics$v6 410 0$12001$aBiosemiotics 606 0 $aLinguaggio$xNeuroscienze$2BNCF 676 $a612.82336 700 1$aSCHILHAB,$bTheresa$0612524 701 1$aSTJERNFELT,$bFrederik$0307920 702 1$aDEACON,$bTerrence 801 0$aIT$bsalbc$gISBD 912 $a990003671540203316 951 $aII.3. 3653$b7314 L.G.$cII.3.$d00311935 959 $aBK 969 $aUMA 979 $aPASSARO$b90$c20120620$lUSA01$h1048 979 $aPASSARO$b90$c20120620$lUSA01$h1049 979 $aPASSARO$b90$c20120620$lUSA01$h1054 996 $aSymbolic Species Evolved$91141341 997 $aUNISA LEADER 01592nam 2200469 450 001 9910480223803321 035 $a(CKB)4100000003616819 035 $a(MiAaPQ)EBC5381582 035 $a(EXLCZ)994100000003616819 100 $a20180601d2018 uy 0 101 0 $aeng 135 $aurcnu|||||||| 181 $ctxt$2rdacontent 182 $cc$2rdamedia 183 $acr$2rdacarrier 200 10$aDirectional particles in Cantonese $eform, function, and grammaticalization /$fWinnie Chor 210 1$aAmsterdam ;$aPhiladelphia :$cJohn Benjamins Publishing Company,$d[2018] 210 4$dİ2018 215 $a1 online resource (240 pages) 225 1 $aStudies in chinese language and discourse ;$vVolume 9 300 $aReprint of author's thesis (Ph. D.)--University of Sydney, 2011. 311 $a90-272-0028-9 311 $a90-272-6443-0 320 $aIncludes bibliographical references and index. 410 0$aStudies in Chinese language and discourse.$x1879-5382 ;$vVolume 9. 606 $aCantonese dialects$xParticles 606 $aCantonese dialects$xGrammar 606 $aChinese language$xGrammar 607 $aChina$xLanguages 608 $aElectronic books. 615 0$aCantonese dialects$xParticles. 615 0$aCantonese dialects$xGrammar. 615 0$aChinese language$xGrammar. 676 $a495.17/95127 700 $aChor$b Winnie$0861446 801 0$bMiAaPQ 801 1$bMiAaPQ 801 2$bMiAaPQ 906 $aBOOK 912 $a9910480223803321 996 $aDirectional particles in Cantonese$91922512 997 $aUNINA